Statistics for College Towns- Iowa

Click here to take the quiz!

General Stats

  • This quiz has been taken 42 times
  • The average score is 5 of 6

Answer Stats

CollegeTown% Correct
Iowa State UniversityAmes
98%
University of IowaIowa City
98%
Drake UniversityDes Moines
95%
University of Northern IowaCedar Falls
73%
St. Ambrose UniversityDavenport
58%
Upper Iowa UniversityFayette
38%

Score Distribution

Percentile by Number Answered

Percent of People with Each Score

Your Score History

You have not taken this quiz